000 00399nam a2200181Ia 4500
001 17021
005 20260306170354.0
008 260306t1994||||xx |||||||||||||| ||und||
041 _aESP
082 _a657.42
_bP75
100 _aPolimeni, Ralph S.
_eAUT
245 0 _aContabilidad de costos
260 _c1994
300 _a
_c
650 _aGEN
654 _aCCO
942 _cLIB
_dJUS
_fJUS
_2ddc
_n
999 _c17021
_d17021